Inciso Revista de Investigaciones en Derecho y Ciencias Polt̕icas

Bibliographic Details
Format: eBook
Language:Spanish
Published: Qun̕dio : Universidad la Gran Colombia, 2017 -
Subjects:
Online Access:Acceso restringido

MARC

LEADER 00000nam a22000007a 4500
005 20171010121810.0
007 cr|||| ||||
008 171010c20119999mx |||| s|||| 0|||b1spa d
035 |a 20340 
040 |a vLex 
090 |c 7106  |d 7106 
245 0 0 |a Inciso  |h [Recurso electrn̤ico] :  |b Revista de Investigaciones en Derecho y Ciencias Polt̕icas 
256 |a Servicio en ln̕ea 
260 |a Qun̕dio :  |b Universidad la Gran Colombia,  |c 2017 - 
300 |a 1 recurso electrn̤ico 
310 |a Semestral 
362 |a Nm︢. 1 (2017) -  
506 |a Disponible solo en los productos indicados  |d vLex Global  |d vLex Global (Academic Edition, excluding Law Schools)  |d vLex Global (U.S. Academic Edition, Law Schools)  |d vLex Global (U.S. Academic Edition, excluding Law Schools)  |d vLex Global (Academic Edition, Law Schools) 
650 0 4 |a Ciencias polt̕icas  |z Colombia 
650 0 4 |a Derecho  |z Colombia 
740 0 |a vLex Revistas (Servicio ln̕ea) 
856 4 0 |u http://vlex.com/source/inciso-revista-investigaciones-derecho-ciencias-politicas-20340  |z Acceso restringido 
942 |c REV 
999 0 |a Political science 
999 0 |a Law